| 000 | 00560nam a2200193Ia 4500 | ||
|---|---|---|---|
| 008 | 140626s9999 xx 000 0 und d | ||
| 100 | _aCheema, Amar.. | ||
| 245 | 4 |
_aThe effect of goal visualization on goad pursuit : _b implications for consumers and managers / _cAmar Cheema ... [et al.]. |
|
| 260 | _cc2011. | ||
| 300 | _a75 : 2, page 109 | ||
| 440 | _aJournal of Marketing | ||
| 521 | _aBSBA | ||
| 650 | _aGoal-gradient effect. | ||
| 650 | _aGoals. | ||
| 650 | _aMotivation. | ||
| 650 | _aProgress. | ||
| 650 | _aVisualization. | ||
| 942 | _cSE | ||
| 999 |
_c121098 _d121098 |
||